The Oxford handbook of ecclesiology / (Record no. 1635)

MARC details
000 -LEADER
fixed length control field 04260cam a22004457i 4500
001 - CONTROL NUMBER
control field data
005 - DATE AND TIME OF LATEST TRANSACTION
control field 20260322212110.0
008 - FIXED-LENGTH DATA ELEMENTS--GENERAL INFORMATION
fixed length control field data
035 ## - SYSTEM CONTROL NUMBER
System control number 20390530
010 ## - LIBRARY OF CONGRESS CONTROL NUMBER
LC control number 2018937419
020 ## - INTERNATIONAL STANDARD BOOK NUMBER
International Standard Book Number 9780199645831
Qualifying information (hbk.)
020 ## - INTERNATIONAL STANDARD BOOK NUMBER
International Standard Book Number 0199645833
Qualifying information (hbk.)
035 ## - SYSTEM CONTROL NUMBER
System control number (OCoLC)1047608081
040 ## - CATALOGING SOURCE
Original cataloging agency Y$R
Language of cataloging eng
Transcribing agency Y$R
Description conventions rda
Modifying agency DLC
-- OCLCO
-- OCLCQ
-- TLE
-- TLC
-- GUA
-- OCLCF
-- WIO
-- IDJ
-- UAB
-- DLC
042 ## - AUTHENTICATION CODE
Authentication code lccopycat
050 00 - LIBRARY OF CONGRESS CALL NUMBER
Classification number BR145.3
Item number .O936 2018
082 04 - DEWEY DECIMAL CLASSIFICATION NUMBER
Classification number 262
Edition information 23
245 04 - TITLE STATEMENT
Title The Oxford handbook of ecclesiology /
Statement of responsibility, etc. edited by Paul Avis.
246 30 - VARYING FORM OF TITLE
Title proper/short title Handbook of ecclesiology
246 30 - VARYING FORM OF TITLE
Title proper/short title Ecclesiology
264 #1 - PRODUCTION, PUBLICATION, DISTRIBUTION, MANUFACTURE, AND COPYRIGHT NOTICE
Place of production, publication, distribution, manufacture Oxford :
Name of producer, publisher, distributor, manufacturer Oxford University Press,
Date of production, publication, distribution, manufacture, or copyright notice 2018.
264 #4 - PRODUCTION, PUBLICATION, DISTRIBUTION, MANUFACTURE, AND COPYRIGHT NOTICE
Date of production, publication, distribution, manufacture, or copyright notice ©2018
300 ## - PHYSICAL DESCRIPTION
Extent xvii, 649 pages ;
Dimensions 26 cm.
336 ## - CONTENT TYPE
Content type term text
Content type code txt
Source rdacontent
337 ## - MEDIA TYPE
Media type term unmediated
Media type code n
Source rdamedia
338 ## - CARRIER TYPE
Carrier type term volume
Carrier type code nc
Source rdacarrier
490 1# - SERIES STATEMENT
Series statement Oxford handbooks
504 ## - BIBLIOGRAPHY, ETC. NOTE
Bibliography, etc. note Includes bibliographical references and index.
505 00 - FORMATTED CONTENTS NOTE
Title African ecclesiologies /
Statement of responsibility Stan Chu Ilo.
Title The ecclesiology of Israel's Scriptures /
Statement of responsibility R.W.L. Moberly --
Title The church in the Synoptic Gospels and the Acts of the Apostles /
Statement of responsibility Loveday C.A. Alexander --
Title The Johannine vision of the church /
Statement of responsibility Andrew T. Lincoln --
Title The shape of the Pauline churches /
Statement of responsibility Edward Adams --
Title The church in the General Epistles /
Statement of responsibility Gerald O'Collins, SJ --
Title Early ecclesiology in the West /
Statement of responsibility Mark Edwards --
Title The Eastern Orthodox tradition /
Statement of responsibility Andrew Louth --
Title Medieval ecclesiology and the Conciliar Movement /
Statement of responsibility Norman Tanner, SJ --
Title The church in the Magisterial Reformers /
Statement of responsibility Dorothea Wendebourg --
Title Anglican ecclesiology /
Statement of responsibility Paul Avis --
Title Roman Catholic ecclesiology from the Council of Trent to Vatican II and beyond /
Statement of responsibility Ormond Rush --
Title Baptist concepts of the church and their antecedents /
Statement of responsibility Paul S. Fiddes --
Title Methodism and the church /
Statement of responsibility David M. Chapman --
Title Pentecostal ecclesiologies /
Statement of responsibility Amos Yong --
Title Karl Barth /
Statement of responsibility Kimlyn J. Bender --
Title Yves Congar /
Statement of responsibility Gabriel Flynn --
Title Henri de Lubac /
Statement of responsibility Gabriel Flynn --
Title Karl Rahner /
Statement of responsibility Richard Lennan --
Title Joseph Ratzinger /
Statement of responsibility Theodor Dieter --
Title John Zizioulas /
Statement of responsibility Paul McPartlan --
Title Wolfhart Pannenberg /
Statement of responsibility Friedericke Nüssel --
Title Rowan Williams /
Statement of responsibility Mike Higton --
Title Feminist critiques, visions, and models of the church /
Statement of responsibility Elaine Graham --
Title Social science and ideological critiques of ecclesiology /
Statement of responsibility Neil Ormerod --
Title Liberation ecclesiologies with special reference to Latin America /
Statement of responsibility Michelle A. Gonzalez --
Title Asian ecclesiologies /
Statement of responsibility Simon Chan --
Title African ecclesiologies /
Statement of responsibility Stan Chu Ilo.
520 ## - SUMMARY, ETC.
Summary, etc. The Oxford Handbook of Ecclesiology is a unique scholarly resource for the study of the Christian Church as we find it in the Bible, in history and today. As the scholarly study of how we understand the Christian Church's identity and mission, ecclesiology is at the centre of today's theological research, reflection, and debate. Ecclesiology is the theological driver of the ecumenical movement. The main focus of the intense ecumenical engagement and dialogue of the past half-century has been ecclesiological and this is the area where the most intractable differences remain to be tackled Ecclesiology investigates the Church's manifold self-understanding in relation to a number of areas: the origins, structures, authority, doctrine, ministry, sacraments, unity, diversity, and mission of the Church, including its relation to the state and to society and culture. The sources of ecclesiological reflection are the Bible (interpreted in the light of scholarly research), Church history and the wealth of the Christian theological tradition, together with the information and insights that emerge from other relevant academic disciplines. This Handbook considers the biblical resources, historical development, and contemporary initiatives in ecclesiology. It offers invaluable and comprehensive guide to understanding the Church.
650 #0 - SUBJECT ADDED ENTRY--TOPICAL TERM
Topical term or geographic name entry element Church.
650 #0 - SUBJECT ADDED ENTRY--TOPICAL TERM
Topical term or geographic name entry element Church history.
650 #0 - SUBJECT ADDED ENTRY--TOPICAL TERM
Topical term or geographic name entry element Christianity.
650 #7 - SUBJECT ADDED ENTRY--TOPICAL TERM
Topical term or geographic name entry element Church history.
Source of heading or term fast
Authority record control number or standard number (OCoLC)fst00860740
700 1# - ADDED ENTRY--PERSONAL NAME
Personal name Avis, Paul D. L.,
Relator term editor.
830 #0 - SERIES ADDED ENTRY--UNIFORM TITLE
Uniform title Oxford handbooks.
906 ## - LOCAL DATA ELEMENT F, LDF (RLIN)
a 7
b cbc
c copycat
d 2
e ncip
f 20
g y-gencatlg
925 0# -
-- acquire
-- 1 shelf copies
-- Sel/ddw, 2018-09-10
Holdings
Withdrawn status Lost status Damaged status Not for loan Home library Current library Shelving location Date acquired Total checkouts Full call number Barcode Date last seen Price effective from Koha item type
        Institut Protestant de Théologie Institut Protestant de Théologie General stacks 22/03/2026   262 LOC-IPT-00026 22/03/2026 22/03/2026 Books